000 00670nam a22001937a 4500
999 _c183603
_d183603
005 20211229151705.0
010 _aENG-130753
020 _a978-93-887-544-84
_c599.00
035 _aEN-114285
037 _bDBAD
082 _a355.0092
100 _aRastogi, Naresh
245 _aThe Bugle Calls:
_cNaresh Rastogi, Kiran Doshi
_bA life in the Indian Army/
260 _aChennai
_bWestland Publications Private Limited
_c2019
270 _a1st Floor, A Block, East Wing, Plot No. 40, SP Info City, Dr. MGR Salai, Perungudi, Kandanchavadi
_bChennai
_e600096
300 _a272p
_c21cm(pbk)
700 _aDoshi, Kiran
942 _2ddc
_cEN
_h355.0092
_mRAS